[Event "ITA-chT 2"]
[Site "Italy"]
[Date "1998.02.22"]
[Round "1"]
[White "Cucut, Claudio"]
[Black "Mussoni, Marcello"]
[Result "0-1"]
[WhiteElo "1660"]
[BlackElo "2240"]
[PlyCount "76"]
[EventDate "1998.02.22"]
[EventType "team-match"]
[EventRounds "7"]
[EventCountry "ITA"]
[SourceTitle "EXT 2024"]
[Source "ChessBase"]
[SourceDate "2023.10.10"]
[SourceVersion "1"]
[SourceVersionDate "2023.10.10"]
[SourceQuality "1"]

1. c4 Nf6 2. Nc3 e6 3. g3 d5 4. cxd5 exd5 5. Bg2 c6 6. d4 Bd6 7. Nf3 0-0 8. 0-0 Re8 9. a3 a5 10. Qc2 Nbd7 11. b3 Nf8 12. Bb2 g6 13. Rad1 Bf5 14. Qc1 Ne4 15. Rfe1 Nxc3 16. Qxc3 Be4 17. Bc1 Qe7 18. Qb2 Ne6 19. a4 f5 20. Bd2 f4 21. Nh4 Rf8 22. f3 fxg3 23. fxe4 Qxh4 24. h3 dxe4 25. Qc2 Nf4 26. Bxf4 Rxf4 27. e3 Rf2 28. Qxe4 Qf6 29. Rf1 Rf8 30. Qd3 Qg5 31. e4 Bf4 32. Rde1 Bd2 33. Re2 Qf4 34. Rexf2 gxf2+ 35. Kh1 Bb4 36. e5 Kg7 37. d5 Qxe5 38. dxc6 Bd6 0-1